| 000 | 01224cam a2200325 i 4500 | ||
|---|---|---|---|
| 001 | 000880197 | ||
| 005 | 20250331184426.0 | ||
| 007 | ta | ||
| 007 | ta | ||
| 008 | 180517s2017 ck abdofr 001 0 spa d | ||
| 020 | _a9789583511295 | ||
| 040 |
_aCO-CtgCURN _bspa _ccoctgcurn |
||
| 043 | _as-ck--- | ||
| 082 | 0 | 4 |
_a342.8610878 _223 |
| 100 | 1 |
_aAgatón Santander, Isabel, _d1969- _eautor. |
|
| 245 | 1 | 0 |
_aSi Adelita se fuera con otro : _bdel feminicidio y otros asuntos / _cIsabel Agatón Santander. |
| 260 |
_aBogotá : _bTemis, _c2017. |
||
| 260 | _c2017. | ||
| 300 |
_axvii, 232 páginas : _bilustraciones, mapas, diagramas, fotografías ; _c24 cm. |
||
| 336 |
_atexto _btxt _2rdacontent |
||
| 337 |
_asin mediación _bn _2rdamedia |
||
| 338 |
_avolumen _bnc _2rdacarrier |
||
| 500 | _aIncluye índice de autores. | ||
| 504 | _aBibliografía : páginas [225]-229. | ||
| 650 | 1 | 4 |
_aViolencia contra la mujer _xAspectos jurídicos _zColombia. _2LEMB |
| 650 | 1 | 4 |
_aVíctimas de abuso sexual _xAspectos jurídicos _zColombia. _2LEMB |
| 650 | 1 | 4 |
_aDelitos contra la mujer _xAspectos jurídicos _zColombia. _2LEMB |
| 942 |
_2ddc _cBK _h342.8610878 _iA263 |
||
| 999 |
_c19235 _d19235 |
||